00546nam a2200193 a 450000500170000000800410001701000140005802000110007203500130008303700160009604000180011208200080013010000140013824500490015226000450020130000420024652000520028865000120034020070119085348.0060831s2006 ii b 000 0 eng  aENG-91366 c150.00 aEN-74899 bDBAD / PUB adplbEnglish  a240 aViji, M.  aAn enchanting saga of Jainism /cby M. Viji  aTiruchirappallibGems Publicationsc2007 avii, 104p.:c20cm (pbk) bb&w photos  aHistory of Kashmiri Pandits and Kashmir, India. aJainism